Online Catalogue and eLibrary

The third way : (Record no. 2254)

MARC details
000 -LEADER
fixed length control field 00236nam a2200097Ia 4500
008 - FIXED-LENGTH DATA ELEMENTS--GENERAL INFORMATION
fixed length control field 240331s9999 xx 000 0 und d
082 ## - DDC Classification
Item Number - Author Mark GID
100 ## - MAIN ENTRY--PERSONAL NAME
Personal name Giddens, A
245 #4 - TITLE STATEMENT
Title The third way :
Remainder of title the renewal of social democracy
942 ## - Koha item type (Biblio)
Koha item type Books in Stacks (Lending)

No items available.

© WERC Library